The horizon concise history of Japan

Đã lưu trong:
書目詳細資料
主要作者: Busch, Noel F.
格式: 圖書
語言:Undetermined
出版: New York American Heritage Pub. Co. 1972
標簽: 添加標簽
沒有標簽, 成為第一個標記此記錄!
Thư viện lưu trữ: Trung tâm Học liệu Trường Đại học Cần Thơ
LEADER 00479nam a2200181Ia 4500
001 CTU_111928
008 210402s9999 xx 000 0 und d
020 |c 8.95 
082 |a 915.203 
082 |b B977 
100 |a Busch, Noel F. 
245 4 |a The horizon concise history of Japan 
245 0 |c Noel F. Busch 
260 |a New York 
260 |b American Heritage Pub. Co. 
260 |c 1972 
904 |i Hiếu 
980 |a Trung tâm Học liệu Trường Đại học Cần Thơ